The plays of John Galsworthy / (Record no. 25505)
[ view plain ]
| 000 -LEADER | |
|---|---|
| fixed length control field | 00687cam a2200241u 4500 |
| 001 - CONTROL NUMBER | |
| control field | 25505 |
| 003 - CONTROL NUMBER IDENTIFIER | |
| rucl marc code | BD-RjUL |
| 005 - DATE AND TIME OF LATEST TRANSACTION | |
| control field | 20211209050905.0 |
| 008 - FIXED-LENGTH DATA ELEMENTS--GENERAL INFORMATION | |
| fixed length control field | 140318s1929 enk 000 0aeng d |
| 035 ## - SYSTEM CONTROL NUMBER | |
| System control number | (BD-RjUL)25575 |
| 040 ## - CATALOGING SOURCE | |
| Original cataloging agency | DLC |
| Transcribing agency | CarP |
| Modifying agency | DLC |
| -- | BD-RjUL |
| Language of cataloging | eng |
| 041 ## - LANGUAGE CODE | |
| Language code of text/sound track or separate title | eng |
| 082 00 - DEWEY DECIMAL CLASSIFICATION NUMBER | |
| Classification number | 822.9 |
| Author mark and year | GAP 1929 |
| 100 1# - MAIN ENTRY--PERSONAL NAME | |
| Personal name | Galsworthy, John, |
| Dates associated with a name | 1867-1933. |
| 9 (RLIN) | 78448 |
| 245 04 - TITLE STATEMENT | |
| Title | The plays of John Galsworthy / |
| Statement of responsibility, etc. | John Galsworthy, |
| 260 ## - PUBLICATION, DISTRIBUTION, ETC. (IMPRINT) | |
| Place of publication, distribution, etc. | London : |
| Name of publisher, distributor, etc. | Duckworth, |
| Date of publication, distribution, etc. | 1929. |
| 300 ## - PHYSICAL DESCRIPTION | |
| Pagination | 1150 p. ; |
| Size | 24 cm. |
| 600 #0 - SUBJECT ADDED ENTRY--PERSONAL NAME | |
| Personal name | John Galsworthy |
| 942 ## - ADDED ENTRY ELEMENTS (KOHA) | |
| Source of classification or shelving scheme | Dewey Decimal Classification |
| Koha item type | Books |
| Lost status | Source of classification or shelving scheme | Damaged status | Not for loan | Collection code | Permanent Location | Current Location | Shelving location | Date acquired | Source of acquisition | Total Checkouts | Full call number | Date last seen | Copy number | Koha item type |
|---|---|---|---|---|---|---|---|---|---|---|---|---|---|---|
| Dewey Decimal Classification | Added to bundle | Fiction | Central Library, University of Rajshahi | Central Library, University of Rajshahi | Reading Room | 22/09/1964 | Australia Gov. Gift | 822.9 GAP 1929 | 18/03/2014 | C-1 | Books |